[Event "POL-chT 2nd League"]
[Site "Jastrzebia Gora"]
[Date "2019.09.14"]
[Round "8.19"]
[White "Pasieka, Marcin"]
[Black "Siedlinski, Piotr"]
[Result "1/2-1/2"]
[WhiteElo "1931"]
[BlackElo "2062"]
[PlyCount "41"]
[EventDate "2019.09.07"]
[EventType "team-swiss"]
[EventRounds "9"]
[EventCountry "POL"]
[SourceTitle "EXT 2020"]
[Source "ChessBase"]
[SourceDate "2019.10.17"]
[SourceVersion "1"]
[SourceVersionDate "2019.10.17"]
[SourceQuality "1"]
[WhiteTeam "Podlesie UKS 21"]
[BlackTeam "Jaworzno"]
[WhiteTeamCountry "POL"]
[BlackTeamCountry "POL"]

1. e4 c5 2. Nf3 e6 3. d4 cxd4 4. Nxd4 Nc6 5. Nc3 Qc7 6. Be3 a6 7. Qd2 Nf6 8. 0-0-0 Be7 9. f3 b5 10. Nxc6 dxc6 11. g4 e5 12. Qf2 Nd7 13. h4 Qa5 14. Kb1 b4 15. Ne2 Bc5 16. Ng3 Qb6 17. Bxc5 Qxc5 18. Qxc5 Nxc5 19. Rd6 Bd7 20. Bc4 Ke7 21. Rhd1 1/2-1/2

[Event "POL-chT 2nd League"]
[Site "Jastrzebia Gora"]
[Date "2019.09.13"]
[Round "7.19"]
[White "Siekaniec, Jan"]
[Black "Pasieka, Marcin"]
[Result "1/2-1/2"]
[WhiteElo "2009"]
[BlackElo "1931"]
[PlyCount "98"]
[EventDate "2019.09.07"]
[EventType "team-swiss"]
[EventRounds "9"]
[EventCountry "POL"]
[SourceTitle "EXT 2020"]
[Source "ChessBase"]
[SourceDate "2019.10.17"]
[SourceVersion "1"]
[SourceVersionDate "2019.10.17"]
[SourceQuality "1"]
[WhiteTeam "Zarzewie Prudnik"]
[BlackTeam "Podlesie UKS 21"]
[WhiteTeamCountry "POL"]
[BlackTeamCountry "POL"]

1. e4 e5 2. Nf3 Nc6 3. Bc4 Nf6 4. d3 Be7 5. 0-0 d6 6. c3 0-0 7. Nbd2 Na5 8. Bb5 c6 9. Ba4 b5 10. Bc2 c5 11. Re1 Nc6 12. Nf1 h6 13. Ng3 Re8 14. a4 b4 15. h3 Bf8 16. Nd2 d5 17. Qf3 bxc3 18. bxc3 d4 19. c4 Nb4 20. Bd1 g6 21. a5 Nh7 22. Qe2 Ng5 23. Nb3 Ne6 24. Qf3 Nf4 25. Bxf4 exf4 26. Ne2 g5 27. Nbc1 f5 28. Ba4 Bd7 29. exf5 Bxa4 30. Rxa4 Qd7 31. Ra1 Nc2 32. Nb3 Nxe1 33. Rxe1 Qxf5 34. Nd2 Rab8 35. Ne4 Rb3 36. N2g3 Qf7 37. Nh5 Kh8 38. g4 Reb8 39. h4 Rb1 40. Rxb1 Rxb1+ 41. Kg2 Be7 42. hxg5 hxg5 43. Nd2 Ra1 44. Qc6 Kh7 45. Qe4+ Kg8 46. Qa8+ Kh7 47. Qe4+ Kg8 48. Qa8+ Kh7 49. Qe4+ Kh6 1/2-1/2

[Event "Krakow op-B 28th"]
[Site "Krakow"]
[Date "2018.01.04"]
[Round "9"]
[White "Jaskolka, Tomasz"]
[Black "Pasieka, Marcin"]
[Result "1-0"]
[WhiteElo "2011"]
[BlackElo "1790"]
[PlyCount "37"]
[EventDate "2017.12.27"]
[EventType "swiss"]
[EventRounds "9"]
[EventCountry "POL"]
[SourceTitle "CBM 182 Extra"]
[Source "ChessBase"]
[SourceDate "2018.02.23"]
[SourceVersion "1"]
[SourceVersionDate "2018.02.23"]
[SourceQuality "1"]

1. e4 e5 2. f4 Bc5 3. Nf3 d6 4. Nc3 Nf6 5. Bc4 Nc6 6. d3 Bg4 7. Na4 Nd4 8. Nxc5 dxc5 9. c3 Nxf3+ 10. gxf3 Bh3 11. fxe5 Nxe4 12. fxe4 Bg2 13. Rf1 Qh4+ 14. Rf2 0-0-0 15. Qe2 Rhe8 16. Bf4 Bh3 17. Bg3 Qh6 18. Rxf7 Rf8 19. e6 1-0

[Event "Katowice POL-HUN 5th"]
[Site "Katowice"]
[Date "2017.05.21"]
[Round "6"]
[White "Pasieka, Marcin"]
[Black "Jelonek, Michal"]
[Result "0-1"]
[WhiteElo "1860"]
[BlackElo "2095"]
[PlyCount "66"]
[EventDate "2017.05.20"]
[EventType "swiss (rapid)"]
[EventRounds "9"]
[EventCountry "POL"]
[SourceTitle "CBM 178 Extra"]
[Source "ChessBase"]
[SourceDate "2017.06.22"]
[SourceVersion "1"]
[SourceVersionDate "2017.06.22"]
[SourceQuality "1"]

1. e4 c5 2. Nf3 g6 3. d4 cxd4 4. Nxd4 Nc6 5. Nc3 Bg7 6. Be3 Nf6 7. Bc4 0-0 8. Bb3 a5 9. 0-0 d6 10. h3 Bd7 11. Qd3 Ne5 12. Qe2 a4 13. Bd5 Qc8 14. f4 Nc6 15. Rad1 a3 16. b3 Nb4 17. Bc4 Ra5 18. Qd2 Rh5 19. Be2 Rc5 20. Na4 Bxa4 21. Qxb4 Bd7 22. Bd3 Bxh3 23. gxh3 Qxh3 24. Rf3 Qg4+ 25. Kf2 Rh5 26. Ke2 Rh2+ 27. Bf2 e5 28. fxe5 dxe5 29. Nb5 Rh3 30. Bg3 Rxg3 31. Rdf1 Nh5 32. Qe1 Bh6 33. Kd1 Rxf3 0-1

[Event "Katowice POL-HUN 5th"]
[Site "Katowice"]
[Date "2017.05.20"]
[Round "5"]
[White "Woloch, Oskar"]
[Black "Pasieka, Marcin"]
[Result "1-0"]
[WhiteElo "2226"]
[BlackElo "1860"]
[PlyCount "53"]
[EventDate "2017.05.20"]
[EventType "swiss (rapid)"]
[EventRounds "9"]
[EventCountry "POL"]
[SourceTitle "CBM 178 Extra"]
[Source "ChessBase"]
[SourceDate "2017.06.22"]
[SourceVersion "1"]
[SourceVersionDate "2017.06.22"]
[SourceQuality "1"]

1. d4 Nf6 2. Nc3 d5 3. Bf4 a6 4. e3 Bf5 5. f3 Bg6 6. g4 e6 7. h4 h5 8. g5 Nfd7 9. Bd3 Bxd3 10. Qxd3 c5 11. Nge2 Nc6 12. a3 Qb6 13. Kf2 cxd4 14. exd4 Nxd4 15. Nxd4 e5 16. Nxd5 Qd6 17. Nf5 Qc6 18. Be3 g6 19. Ng3 0-0-0 20. c4 Nc5 21. Qe2 Nb3 22. Rad1 a5 23. Nb6+ Kc7 24. Rxd8 Kxd8 25. Rd1+ Ke8 26. Ne4 Be7 27. Nd5 1-0

[Event "Slask-ch Bak Memorial"]
[Site "Chorzow"]
[Date "2016.09.21"]
[Round "7"]
[White "Pasieka, Marcin"]
[Black "Gromada, Andrzej"]
[Result "1/2-1/2"]
[WhiteElo "1682"]
[BlackElo "1770"]
[PlyCount "117"]
[EventDate "2016.09.17"]
[EventType "swiss"]
[EventRounds "9"]
[EventCountry "POL"]
[SourceTitle "EXT 2018"]
[Source "ChessBase"]
[SourceDate "2017.10.13"]
[SourceVersion "1"]
[SourceVersionDate "2017.10.13"]
[SourceQuality "1"]

1. e4 e6 2. d4 d5 3. Nd2 Nf6 4. e5 Nfd7 5. Bd3 c5 6. c3 Nc6 7. Ne2 cxd4 8. cxd4 f6 9. exf6 Qxf6 10. Nf3 h6 11. 0-0 Bd6 12. Ng3 0-0 13. Bb1 Rd8 14. Nh5 Qf7 15. Nh4 Nf8 16. f4 Nxd4 17. g4 Nc6 18. g5 Ne7 19. gxh6 g6 20. Qg4 Kh8 21. Ng7 e5 22. f5 e4 23. Qg5 Bxf5 24. Nhxf5 gxf5 25. Nxf5 Nxf5 26. Rxf5 Qg8 27. Kh1 Nh7 28. Qxg8+ Rxg8 29. Rxd5 Raf8 30. Bd3 exd3 31. Be3 Be7 32. Rxd3 Rd8 33. Rxd8 Rxd8 34. Bxa7 Bg5 35. Re1 Kg8 36. Be3 Re8 37. Bd2 Rxe1+ 38. Bxe1 Bxh6 39. Kg2 Kf7 40. Kf3 Ke6 41. Ke4 Nf6+ 42. Kd4 Nd5 43. b3 Be3+ 44. Kc4 Bg1 45. h4 Nf4 46. a4 Ng2 47. Bg3 Ne3+ 48. Kb5 Nf5 49. Be1 Kd5 50. h5 Nd6+ 51. Kb4 Be3 52. Kc3 Bh6 53. Kb4 Kc6 54. Bh4 Nf5 55. Bf2 Ng7 56. Kc4 Nxh5 57. b4 Bd2 58. a5 Kc7 59. Kb5 1/2-1/2

[Event "Slask-ch Bak Memorial"]
[Site "Chorzow"]
[Date "2016.09.18"]
[Round "3"]
[White "Pasieka, Marcin"]
[Black "Pawlowski, Maciej"]
[Result "0-1"]
[WhiteElo "1682"]
[BlackElo "2006"]
[PlyCount "126"]
[EventDate "2016.09.17"]
[EventType "swiss"]
[EventRounds "9"]
[EventCountry "POL"]
[SourceTitle "EXT 2018"]
[Source "ChessBase"]
[SourceDate "2017.10.13"]
[SourceVersion "1"]
[SourceVersionDate "2017.10.13"]
[SourceQuality "1"]

1. e4 e6 2. d4 d5 3. Nd2 Nf6 4. e5 Nfd7 5. Bd3 c5 6. c3 Nc6 7. Ne2 Qb6 8. Nf3 cxd4 9. cxd4 f6 10. exf6 Nxf6 11. 0-0 Bd6 12. Nf4 0-0 13. Re1 Nxd4 14. Nxd4 e5 15. Nde6 exf4 16. Nxf8 Kxf8 17. Qb3 Qa5 18. Rd1 Bg4 19. f3 Bd7 20. Bd2 Qd8 21. Bb4 Qb6+ 22. Kh1 Qxb4 23. Qxb4 Bxb4 24. Rac1 Rc8 25. Rxc8+ Bxc8 26. Bb5 Bf5 27. Bd3 Bxd3 28. Rxd3 b6 29. g3 fxg3 30. hxg3 Ke7 31. Kg2 a5 32. f4 Kd6 33. Kf3 h5 34. Rd1 Ne4 35. Rh1 g6 36. Rc1 Bc5 37. g4 hxg4+ 38. Kxg4 Ke6 39. Re1 Kf6 40. Re2 Nd6 41. b3 Nf5 42. Re8 Ne3+ 43. Kf3 Kf5 44. Re5+ Kf6 45. Re8 Nc2 46. Kg4 Nb4 47. Re2 d4 48. Kf3 d3 49. Rd2 Kf5 50. Rg2 Nc2 51. Rg5+ Kf6 52. Rd5 Ke6 53. Ke4 Bd4 54. f5+ gxf5+ 55. Rxf5 d2 56. Rf1 Ne3 57. Rh1 d1Q 58. Rxd1 Nxd1 59. Kxd4 Kd6 60. b4 axb4 61. Kc4 Nc3 62. a3 bxa3 63. Kxc3 b5 0-1

[Event "Polanica Zdroj op-C 52nd"]
[Site "Polanica Zdroj"]
[Date "2016.08.28"]
[Round "7"]
[White "Madajczak, Jakub"]
[Black "Pasieka, Marcin"]
[Result "1/2-1/2"]
[WhiteElo "1511"]
[BlackElo "1768"]
[PlyCount "93"]
[EventDate "2016.08.20"]
[EventType "swiss"]
[EventRounds "9"]
[EventCountry "POL"]
[SourceTitle "CBM 174 Extra"]
[Source "ChessBase"]
[SourceDate "2016.10.10"]
[SourceVersion "1"]
[SourceVersionDate "2016.10.10"]
[SourceQuality "1"]

1. e4 Nf6 2. e5 Nd5 3. d4 d6 4. Nf3 dxe5 5. Nxe5 g6 6. Bc4 c6 7. 0-0 Bg7 8. Nf3 0-0 9. c3 Bg4 10. h3 Bxf3 11. Qxf3 Nb6 12. Bb3 N8d7 13. Bg5 Nf6 14. Nd2 Qd7 15. Rad1 Qf5 16. Qxf5 gxf5 17. Rfe1 Rfe8 18. Bxf6 Bxf6 19. Nf3 e6 20. Kh2 Rad8 21. Kg3 Kg7 22. Ne5 Bxe5+ 23. dxe5 Rxd1 24. Rxd1 Re7 25. f4 Nd7 26. Kf3 Nc5 27. g4 fxg4+ 28. hxg4 f6 29. exf6+ Kxf6 30. g5+ Kg7 31. Re1 h6 32. gxh6+ Kxh6 33. Re5 Nxb3 34. axb3 Kg7 35. f5 Kf6 36. Rxe6+ Rxe6 37. fxe6 Kxe6 38. Ke4 c5 39. b4 cxb4 40. cxb4 Kd6 41. Kd4 a6 42. Kc4 b6 43. b5 a5 44. Kd4 Ke6 45. Ke4 Kd6 46. Kd4 Ke6 47. Ke4 1/2-1/2

[Event "Polanica Zdroj op-C 52nd"]
[Site "Polanica Zdroj"]
[Date "2016.08.28"]
[Round "4"]
[White "Pasieka, Marcin"]
[Black "Karp, Maciej"]
[Result "1/2-1/2"]
[WhiteElo "1768"]
[BlackElo "1578"]
[PlyCount "80"]
[EventDate "2016.08.20"]
[EventType "swiss"]
[EventRounds "9"]
[EventCountry "POL"]
[SourceTitle "CBM 174 Extra"]
[Source "ChessBase"]
[SourceDate "2016.10.10"]
[SourceVersion "1"]
[SourceVersionDate "2016.10.10"]
[SourceQuality "1"]

1. e4 Nc6 2. Nc3 e5 3. Bc4 Nf6 4. Nf3 Bc5 5. d3 0-0 6. Bg5 Be7 7. 0-0 d6 8. h3 Be6 9. Bb3 Qd7 10. Re1 Rad8 11. Nd5 Bxd5 12. exd5 Na5 13. d4 Nxb3 14. axb3 a6 15. dxe5 dxe5 16. Rxe5 Nxd5 17. Rxd5 Qxd5 18. Qxd5 Rxd5 19. Bxe7 Re8 20. Bb4 f6 21. Kf1 Kf7 22. Re1 Rxe1+ 23. Nxe1 c5 24. Bc3 b5 25. Nd3 g5 26. Ke2 Ke6 27. Bd2 Kd6 28. c4 Rd4 29. Be3 bxc4 30. Bxd4 cxd3+ 31. Kxd3 cxd4 32. Kxd4 f5 33. b4 h6 34. g3 h5 35. f3 Ke6 36. h4 f4 37. hxg5 fxg3 38. Ke3 Kf5 39. f4 h4 40. Kf3 Kg6 1/2-1/2

[Event "Polanica Zdroj op-C 52nd"]
[Site "Polanica Zdroj"]
[Date "2016.08.28"]
[Round "6"]
[White "Pasieka, Marcin"]
[Black "Nowosad, Jan"]
[Result "1-0"]
[WhiteElo "1768"]
[BlackElo "1593"]
[PlyCount "69"]
[EventDate "2016.08.20"]
[EventType "swiss"]
[EventRounds "9"]
[EventCountry "POL"]
[SourceTitle "CBM 174 Extra"]
[Source "ChessBase"]
[SourceDate "2016.10.10"]
[SourceVersion "1"]
[SourceVersionDate "2016.10.10"]
[SourceQuality "1"]

1. e4 c5 2. Nf3 g6 3. d4 cxd4 4. Nxd4 Nc6 5. Nc3 Bg7 6. Be3 Nf6 7. Bc4 Qa5 8. 0-0 0-0 9. Bb3 d6 10. h3 Bd7 11. f4 Rfc8 12. g4 Nxd4 13. Bxd4 b5 14. f5 b4 15. Nd5 Nxd5 16. Bxd5 Bc6 17. fxg6 Bxd5 18. gxh7+ Kxh7 19. Bxg7 Kxg7 20. exd5 Qc5+ 21. Rf2 Qe3 22. Qd2 Qg3+ 23. Rg2 Qh4 24. Rf1 Rh8 25. Qf4 f6 26. g5 Qxf4 27. Rxf4 f5 28. h4 a5 29. Re2 Ra7 30. Kg2 Rc7 31. Kg3 Rf8 32. h5 Rf7 33. Kh4 Rf8 34. h6+ Kh7 35. Kh5 1-0

[Event "POL-chT U19 2nd League"]
[Site "Iwonicz"]
[Date "2016.07.31"]
[Round "10.44"]
[White "Pasieka, Marcin"]
[Black "Piela, Dominik"]
[Result "1/2-1/2"]
[WhiteElo "1768"]
[BlackElo "1656"]
[PlyCount "86"]
[EventDate "2016.07.23"]
[EventType "team-swiss"]
[EventRounds "11"]
[EventCountry "POL"]
[SourceTitle "EXT 2019"]
[Source "ChessBase"]
[SourceDate "2018.10.10"]
[SourceVersion "1"]
[SourceVersionDate "2018.10.10"]
[SourceQuality "1"]
[WhiteTeam "Tarnowskie Gory Strzybniczanka U19"]
[BlackTeam "Pszczyna PSSz U19"]
[WhiteTeamCountry "POL"]
[BlackTeamCountry "POL"]

1. e4 e5 2. Nf3 Nc6 3. Bc4 Nf6 4. Ng5 d5 5. exd5 Na5 6. Bb5+ c6 7. dxc6 bxc6 8. Be2 h6 9. Nf3 e4 10. Ne5 Bd6 11. d4 exd3 12. Nxd3 Qc7 13. h3 0-0 14. Nc3 Bf5 15. 0-0 Rad8 16. b3 c5 17. Nb5 Bh2+ 18. Kh1 Qb8 19. a4 Be5 20. Rb1 Ne4 21. Qe1 Nc6 22. Nxe5 Qxe5 23. Bb2 Qf4 24. Rd1 Nb4 25. Bd3 Qh4 26. Bxe4 Bxe4 27. Qc3 Qg5 28. Qg3 Bxc2 29. Rxd8 Rxd8 30. Qc7 Be4 31. f3 Rd2 32. Rg1 Bf5 33. Bc1 Nd3 34. Bxd2 Nf2+ 35. Kh2 Qxd2 36. Qe5 Bxh3 37. Qg3 h5 38. gxh3 Ng4+ 39. Kh1 Nf2+ 40. Kh2 Ng4+ 41. Kh1 Nf2+ 42. Kh2 Ng4+ 43. Kh1 Nf2+ 1/2-1/2

[Event "POL-chT U19 2nd League"]
[Site "Iwonicz"]
[Date "2015.08.01"]
[Round "4.61"]
[White "Brozyna, Mateusz"]
[Black "Pasieka, Marcin"]
[Result "1/2-1/2"]
[WhiteElo "1783"]
[BlackElo "1729"]
[PlyCount "64"]
[EventDate "2015.07.25"]
[EventType "team-swiss"]
[EventRounds "11"]
[EventCountry "POL"]
[SourceTitle "EXT 2019"]
[Source "ChessBase"]
[SourceDate "2018.10.10"]
[SourceVersion "1"]
[SourceVersionDate "2018.10.10"]
[SourceQuality "1"]
[WhiteTeam "Myslenice MLKSz U19"]
[BlackTeam "Gory Strzybniczanka Tarnowskie U19"]
[WhiteTeamCountry "POL"]
[BlackTeamCountry "POL"]

1. e4 d6 2. d4 Nf6 3. Nc3 Nbd7 4. Be3 e5 5. Be2 Be7 6. h3 c6 7. Nf3 Qc7 8. a4 b6 9. Qd2 a6 10. 0-0 Bb7 11. d5 cxd5 12. Nxd5 Nxd5 13. exd5 0-0 14. Bg5 Bxg5 15. Nxg5 h6 16. Ne4 f5 17. Nc3 Nf6 18. Kh1 Rac8 19. f4 e4 20. Rad1 g6 21. g4 Nd7 22. Qe1 Qd8 23. Qg3 Kh7 24. Rg1 Rg8 25. g5 h5 26. Qh4 Kg7 27. Qf2 Qe7 28. Qd4+ Kh7 29. Kh2 Qg7 30. Qe3 Qe7 31. Qd4 Qg7 32. Qe3 Qe7 1/2-1/2

[Event "POL-ch U16"]
[Site "Karpacz"]
[Date "2015.03.22"]
[Round "9"]
[White "Klepek, Witold"]
[Black "Pasieka, Marcin"]
[Result "1/2-1/2"]
[WhiteElo "1931"]
[BlackElo "1683"]
[PlyCount "108"]
[EventDate "2015.03.15"]
[EventType "swiss"]
[EventRounds "9"]
[EventCountry "POL"]
[SourceTitle "EXT 2017"]
[Source "ChessBase"]
[SourceDate "2016.10.25"]
[SourceVersion "1"]
[SourceVersionDate "2016.10.25"]
[SourceQuality "1"]

1. e4 Nf6 2. e5 Nd5 3. c4 Nb6 4. d4 d6 5. exd6 cxd6 6. Nc3 g6 7. Be3 Bg7 8. Rc1 0-0 9. Be2 e5 10. Nf3 Nc6 11. dxe5 dxe5 12. 0-0 Bg4 13. b3 f5 14. c5 Nc8 15. Bc4+ Kh8 16. Qxd8 Nxd8 17. h3 Bxf3 18. gxf3 Nc6 19. Rfd1 f4 20. Bd2 Nd4 21. Kg2 Ne7 22. Nb5 Nef5 23. Nxd4 Nxd4 24. Bd5 Rab8 25. b4 Rfd8 26. Be4 Kg8 27. Kf1 Kf8 28. Bc3 Ke7 29. a4 a6 30. Rb1 Rdc8 31. b5 axb5 32. axb5 Ke6 33. Bxd4 exd4 34. Rdc1 Bf8 35. c6 b6 36. Ke2 Rc7 37. Kd3 Bg7 38. Ra1 Kd6 39. Ra6 Be5 40. Kc4 Ke6 41. Rca1 Bd6 42. Ra7 Rbc8 43. R1a6 Rxa7 44. Rxa7 Rc7 45. Ra8 Bc5 46. Bd5+ Kf6 47. Re8 Ra7 48. Rf8+ Ke5 49. Rd8 Kf6 50. Be4 d3 51. Rxd3 Bxf2 52. Rd6+ Ke5 53. Rd7 Rxd7 54. cxd7 Bh4 1/2-1/2

[Event "POL-ch U16"]
[Site "Karpacz"]
[Date "2015.03.20"]
[Round "7"]
[White "Pasieka, Marcin"]
[Black "Rzeszowski, Dominik"]
[Result "1-0"]
[WhiteElo "1683"]
[BlackElo "1780"]
[PlyCount "75"]
[EventDate "2015.03.15"]
[EventType "swiss"]
[EventRounds "9"]
[EventCountry "POL"]
[SourceTitle "EXT 2017"]
[Source "ChessBase"]
[SourceDate "2016.10.25"]
[SourceVersion "1"]
[SourceVersionDate "2016.10.25"]
[SourceQuality "1"]

1. e4 e5 2. Nf3 Nc6 3. Bc4 Nf6 4. Ng5 Bc5 5. Bxf7+ Ke7 6. Bb3 Rf8 7. d3 d6 8. Be3 Bb6 9. Bxb6 axb6 10. Nc3 h6 11. Nf3 Bg4 12. h3 Bh5 13. Qd2 Bxf3 14. gxf3 Nd4 15. 0-0-0 Nxf3 16. Qe3 Nd4 17. f4 b5 18. Rhg1 Nh5 19. f5 c6 20. Ne2 Nxb3+ 21. axb3 c5 22. Qf3 Qe8 23. Qg4 Rg8 24. Qh4+ Nf6 25. Rg6 Ra1+ 26. Kd2 Rxd1+ 27. Kxd1 b4 28. Ng3 Qf7 29. Nh5 Kd8 30. Nxf6 gxf6 31. Qxh6 Rxg6 32. fxg6 Qe6 33. Qg7 Qe7 34. Qxe7+ Kxe7 35. h4 Kf8 36. h5 Kg7 37. Ke2 Kh6 38. Kf3 1-0

[Event "POL-ch U16"]
[Site "Karpacz"]
[Date "2015.03.18"]
[Round "5"]
[White "Choina, Michal"]
[Black "Pasieka, Marcin"]
[Result "1/2-1/2"]
[WhiteElo "1678"]
[BlackElo "1683"]
[PlyCount "47"]
[EventDate "2015.03.15"]
[EventType "swiss"]
[EventRounds "9"]
[EventCountry "POL"]
[SourceTitle "EXT 2017"]
[Source "ChessBase"]
[SourceDate "2016.10.25"]
[SourceVersion "1"]
[SourceVersionDate "2016.10.25"]
[SourceQuality "1"]

1. e4 e5 2. Nf3 Nf6 3. Nxe5 d6 4. Nf3 Nxe4 5. d4 d5 6. Bd3 Nc6 7. 0-0 Be7 8. Nc3 Nxc3 9. bxc3 Bg4 10. h3 Bh5 11. Rb1 Rb8 12. Re1 0-0 13. Bf4 Bd6 14. Bg3 Bxg3 15. fxg3 Re8 16. g4 Bg6 17. Bxg6 hxg6 18. Qd2 Rxe1+ 19. Rxe1 Qd7 20. Qf4 Qd6 21. Qe3 Qd7 22. Qf4 Qd6 23. Qe3 Qd7 24. Qf4 1/2-1/2